000 00632cab a2200217 4500
001 WB3138-31
008 090401t1995 xxu||||| |||| 00| 0 eng d
035 _a(Sirsi) u67139
041 _aeng
245 _aAbsolutely prefab homes to live in
260 _c1995
350 _a0
490 _aTimes
_v7 October 1995, 21(1)
520 _aHistory of the prefab home, meant as a temporary post-war measure, now being considered for national listing by English Heritage.
650 _aLISTED BUILDINGS
650 _aPREFABRICATED HOMES
650 _aTEMPORARY HOMES
690 _aHOUSING
942 _n0
948 _c04/03/1997
999 _c42009
_d42009